000 00841cam a2200265 a 4500
001 000022198
005 20200930011627.0
008 711201s1979 sp 001 1 spa d
020 _a8471121611
040 _aDO-SdBNP
_bspa
_cBNPHU
041 1 7 _aspa
_hger
_2Código de idiomas MARC
082 _ann*
_bnn*
100 1 _aBohm, Ewald.
_945923
240 1 0 _aDer Rorschach-test.
_lEspañol
245 1 3 _aEl test de Rorschach /
_cEwald Bohm ; versión española Agustin Serrate.
250 _a2a ed.
260 _aMadrid :
_bMorata,
_c1979.
300 _a120 p. ;
_c20 cm.
490 1 _aEl test de Rorschacha. Menor
534 _aTítulo original de la obra :
_tDer Rorchach-test
504 _aBibliografía : p. [111]-114.
700 1 _aSerrate, Agustin,
_etr.
_945924
830 0 _aEl test de Rorschacha
_pMenor
_945925
049 _aBNGR
999 _c21696
_d21696